|
|
|
|
| LEADER |
00000nam1a2200000 4500 |
| 001 |
144675 |
| 005 |
20231031143754.0 |
| 010 |
|
|
|a 5247015061
|
| 020 |
|
|
|a RU
|b 91-9483
|
| 035 |
|
|
|a (RuTPU)RU\TPU\book\156797
|
| 090 |
|
|
|a 144675
|
| 100 |
|
|
|a 20081007d1990 m a0rusy5003 ca
|
| 101 |
1 |
|
|a rus
|c eng
|
| 102 |
|
|
|a RU
|
| 200 |
1 |
|
|a Освоение малых морских месторождений
|e пер. с англ.
|f Р. Гудфеллоу, Ж.-Л. Шассеро
|
| 210 |
|
|
|a Москва
|c Недра
|d 1990
|
| 215 |
|
|
|a 256 с.
|c ил.
|
| 610 |
1 |
|
|a нефтедобыча
|
| 610 |
1 |
|
|a морские месторождения
|
| 610 |
1 |
|
|a нефтегазопромысловые сооружения
|
| 610 |
1 |
|
|a отгрузка
|
| 610 |
1 |
|
|a нефть
|
| 610 |
1 |
|
|a хранение
|
| 675 |
|
|
|a 622.276.04
|v 3
|
| 700 |
|
1 |
|a Гудфеллоу
|b Р.
|g Рон
|
| 701 |
|
1 |
|a Шассеро
|b Ж.-Л.
|g Жан-Луи
|
| 801 |
|
0 |
|a RU
|b RuMRKP
|c 19950417
|g psbo
|
| 801 |
|
1 |
|a RU
|b 63413507
|c 20081007
|g PSBO
|
| 801 |
|
2 |
|a RU
|b 63413507
|c 20111115
|g PSBO
|
| 900 |
|
|
|a Особенности проектирования и эксплуатации морских трубопроводов
|
| 942 |
|
|
|c BK
|